书目信息 |
| 题名: |
复变函数
|
|
| 作者: | 史济怀 , 刘太顺 编著 | |
| 分册: | ||
| 出版信息: | 合肥 中国科学技术大学出版社 1998.12 |
|
| 页数: | 358页 | |
| 开本: | 21cm | |
| 丛书名: | ||
| 单 册: | ||
| 中图分类: | O174.5 | |
| 科图分类: | ||
| 主题词: | 复变函数 | |
| 电子资源: | ||
| ISBN: | 7-312-00999-9 | |
| 000 | 00570nam0 2200205 45 | |
| 001 | 0111070960 | |
| 005 | 20041125113227.7 | |
| 010 | @a7-312-00999-9@dCNY12.00 | |
| 100 | @a20011107d1998 km y0chiy0120 ea | |
| 101 | 0 | @achi |
| 105 | @a z 000yy | |
| 200 | 1 | @a复变函数@AFu Bian Han Shu@f史济怀,刘太顺编著@FShi Ji Huai,Liu Tai ShunBian Zhu |
| 210 | @a合肥@c中国科学技术大学出版社@d1998.12 | |
| 215 | @a358页@d21cm | |
| 606 | 0 | @a复变函数 |
| 690 | @aO174.5@v4 | |
| 701 | @a史济怀@4编著 | |
| 701 | 0 | @a刘太顺@4编著 |
| 801 | @aCN@bTSTC@c20011107 | |
| 905 | @dO174.5@e110 | |
| 复变函数/史济怀,刘太顺编著.-合肥:中国科学技术大学出版社,1998.12 |
| 358页;21cm |
| ISBN 7-312-00999-9:CNY12.00 |
| ● |
| 相关链接 |
|
|
|
|
正题名:复变函数
索取号:O174.5/110
 
预约/预借
| 序号 | 登录号 | 条形码 | 馆藏地/架位号 | 状态 | 备注 |
| 1 | 0300567 | 203005675 | 第三借阅区/ [索取号:O174.5/110] | 在馆 | |
| 2 | 0300568 | 203005684 | 第三借阅区/ [索取号:O174.5/110] | 在馆 | |
| 3 | 0300569 | 203005693 | 第三借阅区/ [索取号:O174.5/110] | 在馆 | |
| 4 | 0300570 | 203005700 | 第三借阅区/ [索取号:O174.5/110] | 在馆 | |
| 5 | 0300571 | 203005719 | 第二样本阅览室/ [索取号:O174.5/110] | 在馆 |